Production logistics 1

Bibliographic Details
Main Author: Malindžák, Dušan, 1951- (Author)
Format: Book
Language:English
PhysicalDescription:169 s. 25 cm
Published: Košice Štroffek 1998
ISBN:8088896010
Subjects:

MARC

LEADER 00000nam a2200000 a 4500
001 vtls001360237
003 SK-MaSNL
005 20260301201040.0
008 240314s1998 xo ap r yy eng
015 |a SNBA1999/07-02478 
020 |a 8088896010 
035 |a SNK000313790 
035 |a urn:nbn:sk:snk-amk1vm 
035 |a urn:nbn:sk:snk-am0086bj 
035 |a 10F66878-10C1-44A8-BD34-58C73559F1C1 
040 |a SNK  |b slo  |c SNK  |e AACR2 
041 0 |a eng 
044 |a xo  |c SK 
080 |a 65.012.45:658.5=20  |2 1981 
080 |a 658.5=20  |2 1981 
100 1 |a Malindžák, Dušan,  |d 1951-  |4 aut  |9 110875 
245 1 0 |a Production logistics  |n 1  |c Dušan Malindžák 
260 |a Košice  |b Štroffek  |c 1998 
300 |a 169 s.  |c 25 cm 
504 |a Bibliogr. s. 164-168 
650 0 7 |a logistika  |x monografie  |2 SNK  |9 581061 
655 7 |a príručky  |2 SNK  |9 74364 
919 |a 80-88896-01-0 
958 |a TL 
958 |a NB 
999 |c 893166  |d 895096 
952 |t P60, <03>, [BOOK], {603}  |a SNK  |b SNK  |y PREZ  |7 0  |p 17A0189895  |o snkSC 98408/1  |i snkKSP 4217/99  |0 0  |1 0  |4 0  |d 1999-04-16  |f 1  |l 0  |r 2025-09-18 00:00:00  |w 2026-02-24 
952 |t P60, <04>, [BOOK], {604}  |a SNK  |b SNK  |y VYP  |7 0  |p 17A0189897  |o snkSC 98408/1 D1  |i snkKSP 4218/99  |0 0  |1 0  |4 0  |d 1999-04-16  |l 0  |r 2005-01-02 00:00:00  |w 2026-02-24